|
|
|
|
| LEADER |
00000cam a2200000 a 4500 |
| 001 |
vtls001458297 |
| 003 |
SK-MaSNL |
| 005 |
20260401121608.0 |
| 008 |
220509s2002 xo d frnp 00000 slo |
| 015 |
|
|
|a SNBA2004/02-01119
|
| 020 |
|
|
|a 8022516090
|q (brožované)
|
| 035 |
|
|
|a SNK000413604
|
| 035 |
|
|
|a urn:nbn:sk:snk-am3j1eb
|
| 035 |
|
|
|a 2A5DC7D8-070A-4185-BF8B-5D45AAD9D745
|
| 035 |
|
|
|a urn:nbn:sk:snk-am00gfcd
|
| 040 |
|
|
|a SNK
|b slo
|c SNK
|e AACR2
|
| 041 |
0 |
|
|a slo
|
| 044 |
|
|
|a xo
|c SK
|
| 072 |
|
7 |
|a 658
|x Riadenie a správa podniku
|2 konspekt
|
| 072 |
|
7 |
|a 37.016
|x Učebné osnovy. Vyučovacie predmety. Učebnice
|2 konspekt
|
| 080 |
|
|
|a 658.114
|2 2011
|
| 080 |
|
|
|a 519.248
|2 2001
|
| 080 |
|
|
|a 005
|2 2011
|
| 080 |
|
|
|a (075.8)
|2 2011
|
| 100 |
1 |
|
|a Varcholová, Tatiana,
|d 1950-
|4 aut
|9 1636015
|
| 245 |
1 |
0 |
|a Podnikateľské riziko
|c Tatiana Varcholová, Leszek Korzeniowski
|
| 250 |
|
|
|a 1. vyd.
|
| 260 |
|
|
|a Bratislava
|b Ekonóm
|c 2002
|
| 300 |
|
|
|a 201 strán
|b grafy, tabuľky
|c 20 cm
|
| 366 |
|
|
|e 300 kusov
|
| 504 |
|
|
|a Bibliografia na strane 199-201
|
| 650 |
0 |
7 |
|a podnikanie
|2 SNKPH
|9 1757
|
| 650 |
0 |
7 |
|a riziková analýza
|2 SNKPH
|9 68019
|
| 650 |
0 |
7 |
|a manažment
|2 SNKPH
|9 922
|
| 655 |
|
7 |
|a učebnice vysokých škôl
|2 SNKPH
|9 70191
|
| 700 |
1 |
|
|a Korzeniowski, Leszek
|4 aut
|9 465796
|
| 919 |
|
|
|a 80-225-1609-0
|
| 958 |
|
|
|a TL
|
| 958 |
|
|
|a NB
|
| 958 |
|
|
|a UV
|
| 958 |
|
|
|a OND
|
| 999 |
|
|
|c 729751
|d 731681
|
| 952 |
|
|
|a SNK
|b SNK
|y VYP
|7 0
|p 17A0393458
|o snkSC 112639 D1
|i snkKSP 10117/2003
|8 0
|0 0
|1 0
|4 0
|d 2003-08-12
|l 0
|r 2005-01-02 00:00:00
|w 2026-02-23
|
| 952 |
|
|
|a SNK
|b SNK
|y PREZ
|7 0
|p 17A0393457
|o snkSC 112639
|i snkKSP 10116/2003
|0 0
|1 0
|4 0
|d 2003-08-12
|f 1
|l 0
|r 2025-10-02 00:00:00
|w 2026-02-23
|